| 000 | 00640cam a2200205 4500500 | ||
|---|---|---|---|
| 005 | 20260111080420.0 | ||
| 041 | _afre | ||
| 042 | _adc | ||
| 100 | 1 | 0 |
_aKlopfer, Michel _eauthor |
| 245 | 0 | 0 | _aQuel impact de la crise sanitaire sur les comptes locaux ? |
| 260 | _c2020. | ||
| 500 | _a84 | ||
| 690 | _acovid-19 | ||
| 690 | _acrise sanitaire | ||
| 690 | _aCVAE | ||
| 690 | _afinances locales | ||
| 690 | _aTVA | ||
| 786 | 0 | _nGestion & Finances Publiques | 3 | 3 | 2020-06-22 | p. 126-133 | 1969-1009 | |
| 856 | 4 | 1 | _uhttps://droit.cairn.info/revue-gestion-et-finances-publiques-2020-3-page-126?lang=fr&redirect-ssocas=7080 |
| 999 |
_c1616288 _d1616288 |
||